000 00314nam a22001457a 4500
008 250709b ||||| |||| 00| 0 eng d
020 _a891982821
041 _aSHQIP
080 _21988
_a001
082 _a001
100 _a1
101 _aGJUHE DHE LETERSI
245 _aVEPRA 6
_cFAN S.NOLI
942 _2udc
_cBK
999 _c60734
_d60734